000
00230nam a22001097a 4500
040
_c
HS
082
_a
591
100
_a
TRACY I. STORER
245
_a
Elements of Zoology
260
_a
California
_b
TRACY I. STORER
_c
1995
942
_c
EK
999
_c
8442
_d
8442